Quiz issu de Chat GPT - Statistiques

Statistiques générales
  • Ce quiz a été pris 131 fois
  • Le résultat moyen est 10 sur 15
Statistiques - réponses
Hint Réponse % Correct
Quel est le plus grand océan du monde? Pacifique
97%
Quel est le pays le plus peuplé du monde ? Inde
93%
Qui a peint "La Joconde" ? Léonard de Vinci
93%
Quelle planète est surnomée la "planète rouge" ? Mars
92%
En quelle année la Révolution Française a-t-elle commencé ? 1789
91%
Qui a écrit "Les Misérables ? Victor Hugo
88%
De quel groupe Freddie Mercury était-il le chanteur ? Queen
86%
Quel super-héros est connu sous le nom de Tony Stark Iron Man
84%
Dans quel sport peut-on réaliser un "hole-in-one" ? Golf
72%
Qui est l'auteur de "Vingt mille lieues sous les mers" ? Jules Verne
72%
Quel est le symbole chimique de l'or ? Au
63%
Dans quel film trouve-t-on le personnage de Jack Dawson ? Titanic
34%
Quel est le nom du sorcier ennemi de Harry Potter ? Lord Voldemort
32%
Quel est le plus grand mammifère terrestre ? Éléphant d'Afrique
11%
Dans quel jeu vidéo trouve-t-on la ville de Los Santos ? Grand Theft Auto V (GTA)
0%
Aucun quiz correspondant
Distribution des résultats
% des personnes avec chaque résultat
Percentile par nombre de réponses
Votre historique - résultats
Vous n’avez pas pris ce quiz